20 Largest Public Universities (US) Quiz Stats

 Plays Quiz Updated Mar 4, 2015

Score 0/20 Timer 05:00
0 Plays Today
Enrollment University % Correct
52,059Texas
90.5%
49,878Florida
88.2%
43,710Michigan
87.8%
40,795UCLA
84%
57,466Ohio State
83.5%
46,615Penn State
73.4%
40,909Florida State
72.7%
40,621Arizona
72.6%
49,317Michigan State
69.7%
46,817Indiana
68.5%
Enrollment University % Correct
44,942Illinois
67.9%
43,762Washington
67.7%
42,677Wisconsin
67.3%
48,702Arizona State
61.7%
51,526Minnesota
59.9%
55,697Texas A&M
52.4%
48,036Rutgers
38%
59,589Central Florida
22.6%
41,428South Florida
14.2%
47,663Florida International
7%

You're not logged in!

Compare scores with friends on all Sporcle quizzes.
OR
Log In

Sporcle TV

Today on Sporcle TV


Watch our educational content, quiz creation guides, and fun videos on Sporcle TV.

Show Comments

Extras

Top Quizzes Today


Score Distribution

Your Account Isn't Verified!

In order to create a playlist on Sporcle, you need to verify the email address you used during registration. Go to your Sporcle Settings to finish the process.

Report this User

Report this user for behavior that violates our Community Guidelines.

Details: